000
00290cam a22000977a 4500
008
180718b1961 xxu||||| |||| 00| 0 eng d
082
_a
XA46x41 Un3
245
_a
Right honourable the secretary of state for Scotland
260
_a
Glasgow
_b
Her Majesty's Stationery Office
_c
1961
300
_a
21p.
999
_c
427823
_d
427823